000 02576nam a2200241Ia 4500
003 Ost
005 20260507075752.0
008 260507s9999||||xx |||||||||||||| ||und||
020 _a9789931140115
040 _cfsecg
041 _aara
082 _a331.21
100 _aزدون، جمال
_eمؤلف
245 0 _aالمقاربة النظرية للإنتاجية الكلية لعوامل الإنتاج والأجور /
_c جمال زدون
260 _aالجزائر:
_bدار أجيال الرقمي ,
_c2023
300 _a258 صفحة؛
_bإيضاحات ؛
_c24 سم
504 _aببليوغرافيا: ص ص.239-258
520 _aيسعى هذا الكتاب العلمي إلى معالجة وتوضيح أحد أهم القضايا التي تواجهها الحكومات سواء على مستوى الاقتصاد الكلي أو الاقتصاد الجزئي المتمثلة في الرفع من مستويات الانتاجية الكلية لعوامل الانتاج على المستوى الكلي والجزئي مع الحفاظ على مستويات مقبولة من الأجور تضمن قدرة شرائية جيدة للعمال والموظفين، وعليه فإن هذا الكتاب تضمن أربعة فصول خاصة بالإنتاجية الكلية لعوامل الإنتاج، حيث تم تخصيص الفصل الأول إلى كل ما يتعلق بالمفاهيم النظرية، اما الفصل الثاني فقمنا فيه بتوضيح أساليب قياسها وكفصل ثالث حاولنا إبراز أهم المحددات لها والعوامل المؤثرة عليها، وفي الفصل الرابع تم تناول طرق وأساليب تحسينها، كما تم تخصيص أربعة فصول أخرى متعلقة بالأجور، حيث تم تخصيص الفصل الخامس للمقاربة النظرية للأجور أما الفصل السادس فتم فيه تفصيل أغلب نظرياته، وكفصل سابع أبرزنا معظم محددات الأجور (المحددات الاقتصادية، سوق العمل)، واخيرا وفي الفصل الثامن أضفنا محددات أخرى للأجور كالاستثمار في رأس المال البشري والقدرة الشرائية إضافة إلى توضيح العلاقة التبادلية بين الانتاجية الكلية لعوامل الإنتاج والأجور.
653 _aالأجور
653 _aالانتاج
653 _aالتنمية الاقتصادية
942 _cكتاب
999 _c46228
_d46228